00000000nam##2200000za#4500
0019.574397
003CaOODSP
00520210624184150
007cr |||||||||||
008150406|2010||||xxc|||||o    f|0| 0 eng|d
022 |a1488-5379
040 |aCaOODSP|beng
043 |an-cn---
0861 |aFs97-6/2848E-PDF
1101 |aCanada. |bDepartment of Fisheries and Oceans.
24512|aA two-year comparison of spawning and spat settlement cycles in blue mussels (Mytilus edulis) from a salmon farm and its implications for Integrated Multi-trophic Aquaculture (IMTA) in the Bay of Fundy. / |h[electronic resource]|cby T. R. Lander ... [et al.].
260 |aNanaimo - British Columbia : |bFisheries and Oceans Canada |cJanuary 2010.
300 |a32p.|bgraphs, references, tables, photographs
4901 |aCanadian technical report of fisheries and aquatic sciences|x1488-5379|vNo. 2848
500 |aThe catalogue number (Fs97-6/2848) and ISSN (0706-6457) for the print edition have been incorrectly copied in this electronic publication.
546 |a(Résumé en français)
590 |a12-33-Supp|b2012-07-18
7201 |aLander, T. R.
7760#|tA two-year comparison of spawning and spat settlement cycles in blue mussels (Mytilus edulis) from a salmon farm and its implications for Integrated Multi-trophic Aquaculture (IMTA) in the Bay of Fundy / |w(CaOODSP)9.619801
830#0|aCanadian technical report of fisheries and aquatic sciences,|x1488-5379|vNo. 2848|w(CaOODSP)9.504449
85640|ahttp://publications.gc.ca|qPDF|s360 KB|uhttps://publications.gc.ca/collections/collection_2012/mpo-dfo/Fs97-6-2848-eng.pdf|yNo. 2848